Chron Mnie (Lp 086) (Record n. 100239)

Dettagli MARC
000 -LEADER
fixed length control field 00944njm a2200289Ia 4500
001 - CONTROL NUMBER
control field 72460
003 - CONTROL NUMBER IDENTIFIER
control field IT-RoPAU
005 - DATE AND TIME OF LATEST TRANSACTION
control field 20220918181127.0
008 - FIXED-LENGTH DATA ELEMENTS--GENERAL INFORMATION
fixed length control field 131025s9999 xx 000 0 und d
040 ## - CATALOGING SOURCE
Original cataloging agency IT-RoPAU
040 ## - CATALOGING SOURCE
Transcribing agency IT-RoPAU
041 ## - LANGUAGE CODE
Language code of text/sound track or separate title POLACCO
999 ## - SYSTEM CONTROL NUMBERS (KOHA)
Koha Dewey Subclass [OBSOLETE] n.d.
100 ## - MAIN ENTRY--PERSONAL NAME
Personal name Bajm
9 (RLIN) 20001
100 ## - MAIN ENTRY--PERSONAL NAME
Relator term Autore musica
9 (RLIN) 24508
100 ## - MAIN ENTRY--PERSONAL NAME
Miscellaneous information Codice autore musica SPICS: 17419
9 (RLIN) 20003
245 ## - TITLE STATEMENT
Title Chron Mnie (Lp 086)
250 ## - EDITION STATEMENT
Edition statement 1a ed.
260 ## - PUBLICATION, DISTRIBUTION, ETC. (IMPRINT)
Place of publication, distribution, etc. POLONIA
260 ## - PUBLICATION, DISTRIBUTION, ETC. (IMPRINT)
Name of publisher, distributor, etc. WIFON
Date of publication, distribution, etc. 1986 [1a Ed.:1986 - Ed. Lingua Orig.: 1986]
300 ## - PHYSICAL DESCRIPTION
Extent DISCO
500 ## - GENERAL NOTE
General note Musica rock polacca.
505 ## - FORMATTED CONTENTS NOTE
Formatted contents note Plynie W Nas Goraca Krew - Dwa Serca, Dwa Smutki - Szczury Na Mury - Wielka Inwazja - Hiena - Diament I Sol - Chron Mnie Od Zlego - Krolu, Moj Krolu - Kaska I Ja
650 ## - SUBJECT ADDED ENTRY--TOPICAL TERM
Topical term or geographic name as entry element ROCK [DISCHI]
Relator term Codice MATERIA SPICS: 9950
9 (RLIN) 1088
700 ## - ADDED ENTRY--PERSONAL NAME
Personal name Bajm
Miscellaneous information Codice interprete SPICS: 17419
Relator term Interprete
9 (RLIN) 24509
942 ## - ADDED ENTRY ELEMENTS (KOHA)
Koha item type DISCHI
Source of classification or shelving scheme Dewey Decimal Classification
Dati di copia
Withdrawn status Lost status Damaged status Not for loan Home library Current library Date acquired Total Checkouts Full call number Date last seen Price effective from Koha item type Public note
    Buone Condizioni Not For Loan SPICS-MEDIATECA SPICS-MEDIATECA 25/10/2013   72460 25/10/2013 25/10/2013 DISCHI Progr. Ins.: 17342 / N.Vol.: 1 / Copie: 1 - Copia rara: n.d. / date import: 01.01.2014 - By Epidotti, Trombetti, Vaglietti
CREDITS: SOCIETA' SAN PAOLO Via A.Severo, 58 - ROMA (RM) & PERIODICI SAN PAOLO SRL Via Giotto, 36 MILANO & CISF Via Giotto, 36 MILANO & EDIZIONI SAN PAOLO SRL,  Piazza Soncino, 5 CINISELLO BALSAMO (MI) -- ITALY